<?xml version="1.0" encoding="UTF-8"?>
<record
    xmlns:xsi="http://www.w3.org/2001/XMLSchema-instance"
    xsi:schemaLocation="http://www.loc.gov/MARC21/slim http://www.loc.gov/standards/marcxml/schema/MARC21slim.xsd"
    xmlns="http://www.loc.gov/MARC21/slim">

  <leader>01496fam a2200337 a 4500</leader>
  <controlfield tag="001">1642793</controlfield>
  <controlfield tag="005">20220326193311.0</controlfield>
  <controlfield tag="008">941019s1994    cr a     b    000 0 spa  </controlfield>
  <datafield tag="010" ind1=" " ind2=" ">
    <subfield code="a">   94220545 </subfield>
  </datafield>
  <datafield tag="020" ind1=" " ind2=" ">
    <subfield code="a">996897630X</subfield>
  </datafield>
  <datafield tag="035" ind1=" " ind2=" ">
    <subfield code="a">(OCoLC)31780746</subfield>
  </datafield>
  <datafield tag="035" ind1=" " ind2=" ">
    <subfield code="a">(OCoLC)ocm31780746</subfield>
  </datafield>
  <datafield tag="035" ind1=" " ind2=" ">
    <subfield code="a">(NNC)1642793</subfield>
  </datafield>
  <datafield tag="040" ind1=" " ind2=" ">
    <subfield code="a">DLC</subfield>
    <subfield code="c">DLC</subfield>
  </datafield>
  <datafield tag="043" ind1=" " ind2=" ">
    <subfield code="a">nccr---</subfield>
  </datafield>
  <datafield tag="082" ind1="0" ind2="0">
    <subfield code="a">759.972.86</subfield>
    <subfield code="b">Z12o</subfield>
  </datafield>
  <datafield tag="100" ind1="1" ind2=" ">
    <subfield code="a">Zavaleta O., Eugenia</subfield>
    <subfield code="q">(Zavaleta Ochoa),</subfield>
    <subfield code="d">1964-</subfield>
    <subfield code="9">2067</subfield>
  </datafield>
  <datafield tag="110" ind1=" " ind2=" ">
    <subfield code="a">Museo de Arte Costarricense.</subfield>
    <subfield code="9">2068</subfield>
  </datafield>
  <datafield tag="245" ind1="1" ind2="4">
    <subfield code="a">Los inicios del arte abstracto en Costa Rica, 1958-1971 /</subfield>
    <subfield code="c">Eugenia Zavaleta O.</subfield>
  </datafield>
  <datafield tag="250" ind1=" " ind2=" ">
    <subfield code="a">1. ed.</subfield>
  </datafield>
  <datafield tag="260" ind1=" " ind2=" ">
    <subfield code="a">[San Jos&#xE9;] :</subfield>
    <subfield code="b">Museo de Arte Costarricense,</subfield>
    <subfield code="c">1994.</subfield>
  </datafield>
  <datafield tag="300" ind1=" " ind2=" ">
    <subfield code="a">xii, 211 p. :</subfield>
    <subfield code="b">ill. (some col.) ;</subfield>
    <subfield code="c">28 cm.</subfield>
  </datafield>
  <datafield tag="504" ind1=" " ind2=" ">
    <subfield code="a">"Bibliograf&#xED;a y fuentes": p. 175-200.</subfield>
  </datafield>
  <datafield tag="505" ind1=" " ind2=" ">
    <subfield code="t">Presentacion </subfield>
    <subfield code="r">Rocio Fernandez </subfield>
    <subfield code="t">Prologo </subfield>
    <subfield code="r">Ivan Molina </subfield>
    <subfield code="t">Introduccion </subfield>
    <subfield code="r">Eugenia Zavaleta </subfield>
    <subfield code="t">Capitulo 1: Gestion del arte abstracto en Costa Rica </subfield>
    <subfield code="t">Capitulo 2: Entre la Abstraccion geometrica y el expresionismo abstracto. </subfield>
    <subfield code="t">Capitulo 3: Las exposiciones de 1958 y el grupo 8</subfield>
    <subfield code="t">Capitulo 4: El estado promotor del arte abstracto </subfield>
    <subfield code="t">Capitulo 5: el arte abstracto y el medio</subfield>
    <subfield code="t">Conclusion </subfield>
    <subfield code="t">Bibliografia </subfield>
    <subfield code="t">Lista de fotografias </subfield>
  </datafield>
  <datafield tag="650" ind1=" " ind2="0">
    <subfield code="a">Art, Costa Rican.</subfield>
    <subfield code="9">2069</subfield>
  </datafield>
  <datafield tag="650" ind1=" " ind2="0">
    <subfield code="a">Art, Abstract</subfield>
    <subfield code="z">Costa Rica.</subfield>
    <subfield code="9">2070</subfield>
  </datafield>
  <datafield tag="650" ind1=" " ind2="0">
    <subfield code="a">Art, Costa Rican</subfield>
    <subfield code="y">20th century.</subfield>
    <subfield code="9">2071</subfield>
  </datafield>
  <datafield tag="700" ind1=" " ind2=" ">
    <subfield code="a">Zavaleta O., Eugenia</subfield>
    <subfield code="9">2072</subfield>
  </datafield>
  <datafield tag="710" ind1="2" ind2=" ">
    <subfield code="a">Museo de Arte Costarricense.</subfield>
    <subfield code="9">2073</subfield>
  </datafield>
  <datafield tag="999" ind1=" " ind2=" ">
    <subfield code="c">428</subfield>
    <subfield code="d">428</subfield>
  </datafield>
  <datafield tag="952" ind1=" " ind2=" ">
    <subfield code="0">0</subfield>
    <subfield code="1">0</subfield>
    <subfield code="2">ddc</subfield>
    <subfield code="4">0</subfield>
    <subfield code="7">0</subfield>
    <subfield code="a">LV</subfield>
    <subfield code="b">LV</subfield>
    <subfield code="c">Pensamiento</subfield>
    <subfield code="d">2015-02-13</subfield>
    <subfield code="l">0</subfield>
    <subfield code="o">759.972.86 Z12o</subfield>
    <subfield code="p">000543</subfield>
    <subfield code="r">2015-02-13 00:00:00</subfield>
    <subfield code="w">2015-02-13</subfield>
    <subfield code="y">01</subfield>
  </datafield>
</record>
